000 01106cam a2200325 4500
999 _c23503
_d23503
001 vtls012013397
005 20221013131140.0
008 210205s2021 xo gr 010 f slo
020 _a9788055173801
_q(viazané)
040 _aTTKJF
_bslo
_cTTKJF
_dSNK
_erda
041 1 _aslo
_heng
044 _axo
_cSK
072 7 _a821.111-3
_xAnglická próza, anglicky písaná
_2konspekt
080 _a821.111(94)-31
_22011
100 1 _aRimmer, Kelly
_4aut
_93731
240 1 0 _aBefore I let you go
_lSlovensky
245 1 0 _aKým ťa nechám odísť
_cKelly Rimmerová ; preložila Jana Seichertová
264 1 _aBratislava
_bIkar
_c2021
300 _a398 strán
_c21 cm
336 _atext
_btxt
_2rdacontent
337 _abez média
_bn
_2rdamedia
338 _azväzok
_bnc
_2rdacarrier
500 _aObsahuje biografické údaje o autorke na záložke prebalu publikácie
500 _aPreložené z angličtiny
655 7 _aaustrálske romány
_2SNKPH
_91684
655 7 _aAustralian fiction
_2SNKPHeng
_91685
700 1 _aSeichertová, Jana
_c(prekladateľka)
_4trl
_910
958 _aLX
958 _aUP